[Event "Titled Tuesday intern op 17th Aug"]
[Site "Chess.com INT"]
[Date "2021.08.17"]
[Round "2"]
[White "Mitrabha, Guha"]
[Black "Shalkhatsky, Vladimir"]
[Result "1-0"]
[WhiteElo "2467"]
[BlackElo "2257"]
[PlyCount "83"]
[EventDate "2021.08.17"]
[EventType "swiss (blitz)"]
[EventRounds "11"]
[EventCountry "USA"]
[SourceTitle "EXT 2022"]
[Source "ChessBase"]
[SourceDate "2021.10.06"]
[SourceVersion "1"]
[SourceVersionDate "2021.10.06"]
[SourceQuality "1"]

1. Nf3 e6 2. c4 d5 3. d4 c6 4. Nbd2 f5 5. g3 Nf6 6. Bg2 Be7 7. 0-0 0-0 8. Ne5 Nbd7 9. Ndf3 Nxe5 10. Nxe5 Nd7 11. Bf4 Nxe5 12. Bxe5 Bd7 13. Rc1 b5 14. cxb5 cxb5 15. Qb3 Rc8 16. Qe3 Qb6 17. Bf4 Bf6 18. Be5 Bxe5 19. Qxe5 Rxc1 20. Rxc1 Rc8 21. Rxc8+ Bxc8 22. Bf3 Bd7 23. h4 Kf7 24. Bh5+ Kg8 25. Kg2 g6 26. Bf3 h5 27. Qf6 Be8 28. Qe7 Bf7 29. e3 Qa5 30. a3 a6 31. Qd6 Qd2 32. b4 Qc2 33. Qxa6 Qa4 34. Qxa4 bxa4 35. Be2 Be8 36. Ba6 Kf8 37. b5 Ke7 38. b6 Kd6 39. Bc8 Bf7 40. Kf3 Kc6 41. b7 Kc7 42. Kf4 1-0

[Event "Titled Tuesday intern op 27th July"]
[Site "Chess.com INT"]
[Date "2021.07.27"]
[Round "2"]
[White "Tanenbaum, Zachary Chen"]
[Black "Shalkhatsky, Vladimir"]
[Result "1-0"]
[WhiteElo "2137"]
[BlackElo "2257"]
[PlyCount "97"]
[EventDate "2021.07.27"]
[EventType "swiss (blitz)"]
[EventRounds "11"]
[EventCountry "USA"]
[SourceTitle "CBM 203 Extra"]
[Source "ChessBase"]
[SourceDate "2021.09.30"]
[SourceVersion "1"]
[SourceVersionDate "2021.09.30"]
[SourceQuality "1"]

1. e4 c5 2. Nf3 a6 3. Nc3 Nc6 4. d4 cxd4 5. Nxd4 e5 6. Nf5 d6 7. Bc4 Bxf5 8. exf5 Nf6 9. Bg5 Be7 10. Qd2 0-0 11. 0-0-0 Rc8 12. Bb3 Nd4 13. Kb1 Nxf5 14. Bxf6 Bxf6 15. Ne4 Nd4 16. c3 Nxb3 17. axb3 Be7 18. Nxd6 Bxd6 19. Qxd6 Qxd6 20. Rxd6 f6 21. Rhd1 Rf7 22. b4 Kf8 23. Kc2 Ke8 24. Kb3 Rcc7 25. c4 Rfd7 26. c5 Rxd6 27. Rxd6 Rd7 28. Kc4 Rxd6 29. cxd6 Kd7 30. Kd5 e4 31. g4 b6 32. h4 g6 33. b3 h5 34. gxh5 gxh5 35. Kxe4 Kxd6 36. Kf5 Kc6 37. Kxf6 Kb5 38. Kg5 Kxb4 39. f4 Kxb3 40. f5 a5 41. f6 a4 42. f7 a3 43. f8Q a2 44. Qf6 b5 45. Qa1 b4 46. Kxh5 Ka3 47. Kg4 b3 48. Qc3 Ka4 49. h5 1-0

[Event "Titled Tuesday intern op 06th Apr"]
[Site "Chess.com INT"]
[Date "2021.04.06"]
[Round "8"]
[White "Shalkhatsky, Vladimir"]
[Black "Martin Carmona, Gaston Manuel"]
[Result "1/2-1/2"]
[WhiteElo "2257"]
[BlackElo "2294"]
[PlyCount "120"]
[EventDate "2021.04.06"]
[EventType "swiss (blitz)"]
[EventRounds "11"]
[EventCountry "USA"]
[SourceTitle "CBM 201 Extra"]
[Source "ChessBase"]
[SourceDate "2021.05.31"]
[SourceVersion "1"]
[SourceVersionDate "2021.05.31"]
[SourceQuality "1"]

1. d4 Nf6 2. Nf3 g6 3. c4 Bg7 4. Nc3 0-0 5. e4 d6 6. Be2 e5 7. dxe5 dxe5 8. Qxd8 Rxd8 9. Bg5 Re8 10. Nd5 Nxd5 11. cxd5 c6 12. Bc4 cxd5 13. Bxd5 Nd7 14. Nd2 Nc5 15. 0-0-0 Be6 16. Bxe6 Nxe6 17. Be3 Nf4 18. Bxf4 exf4 19. Kb1 Rad8 20. f3 f5 21. exf5 Re2 22. Nc4 Rxd1+ 23. Rxd1 Rxg2 24. Rd8+ Kf7 25. Rd7+ Kf8 26. Rxb7 Rxh2 27. Nd6 Be5 28. Nf7 Bxb2 29. Ng5 Bd4 30. Nxh7+ Kg8 31. fxg6 Rf2 32. Ng5 Rg2 33. Ne6 Be5 34. g7 Bxg7 35. Nxg7 Rxg7 36. Rxg7+ Kxg7 37. Kc2 Kf6 38. Kd3 Ke5 39. Kc4 a6 40. a3 a5 41. a4 Kd6 42. Kd4 Kc6 43. Ke4 Kc5 44. Kxf4 Kb4 45. Ke4 Kxa4 46. f4 Kb3 47. f5 a4 48. f6 a3 49. f7 a2 50. f8Q a1Q 51. Qb8+ Kc2 52. Qh2+ Kb3 53. Qg3+ Kc4 54. Qc7+ Kb5 55. Qb7+ Kc4 56. Qc6+ Kb3 57. Qb5+ Kc2 58. Qd3+ Kc1 59. Qf1+ Kb2 60. Qxa1+ Kxa1 1/2-1/2

[Event "Titled Tuesday intern op 06th Apr"]
[Site "Chess.com INT"]
[Date "2021.04.06"]
[Round "11"]
[White "Shalkhatsky, Vladimir"]
[Black "Roebers, Jan"]
[Result "1-0"]
[WhiteElo "2257"]
[BlackElo "2170"]
[PlyCount "93"]
[EventDate "2021.04.06"]
[EventType "swiss (blitz)"]
[EventRounds "11"]
[EventCountry "USA"]
[SourceTitle "CBM 201 Extra"]
[Source "ChessBase"]
[SourceDate "2021.05.31"]
[SourceVersion "1"]
[SourceVersionDate "2021.05.31"]
[SourceQuality "1"]

1. d4 Nf6 2. Nf3 g6 3. c4 Bg7 4. Nc3 0-0 5. e4 d6 6. Be2 Na6 7. 0-0 e5 8. Bg5 h6 9. Bxf6 Bxf6 10. dxe5 Bxe5 11. Nxe5 dxe5 12. Qc1 Qg5 13. Qxg5 hxg5 14. Rfd1 c6 15. a3 Nc5 16. b4 Ne6 17. c5 Nd4 18. Bc4 Re8 19. Kf1 Be6 20. Bxe6 Rxe6 21. Ne2 Rd8 22. Rd3 Re7 23. Rad1 Red7 24. f3 Kf8 25. Nxd4 exd4 26. Ke2 Ke7 27. R3d2 Ke6 28. Kd3 Ke5 29. Kc4 g4 30. Rd3 gxf3 31. gxf3 g5 32. R1d2 f6 33. a4 Rh8 34. Rxd4 Rxd4+ 35. Rxd4 Rxh2 36. Rd7 Rf2 37. Rxb7 Rxf3 38. Rxa7 Re3 39. b5 Rxe4+ 40. Kb3 Kd5 41. b6 Kxc5 42. b7 Rb4+ 43. Kc3 Rb1 44. a5 g4 45. a6 g3 46. Ra8 g2 47. Rg8 1-0

[Event "Titled Tuesday intern op 23rd Mar"]
[Site "Chess.com INT"]
[Date "2021.03.23"]
[Round "1"]
[White "Shalkhatsky, Vladimir"]
[Black "Aditya, Mittal"]
[Result "1-0"]
[WhiteElo "2257"]
[BlackElo "2438"]
[PlyCount "99"]
[EventDate "2021.03.23"]
[EventType "swiss (blitz)"]
[EventRounds "11"]
[EventCountry "USA"]
[SourceTitle "CBM 201 Extra"]
[Source "ChessBase"]
[SourceDate "2021.05.31"]
[SourceVersion "1"]
[SourceVersionDate "2021.05.31"]
[SourceQuality "1"]

1. d4 Nf6 2. Nf3 d5 3. g3 c6 4. Bg2 g6 5. 0-0 Bg7 6. Ne5 Ng4 7. Nf3 0-0 8. c4 dxc4 9. h3 Nf6 10. Ne5 Be6 11. Na3 Bd5 12. Naxc4 Bxg2 13. Kxg2 Qd5+ 14. Kh2 Nbd7 15. Ne3 Qe6 16. Nxd7 Qxd7 17. b3 Ne4 18. Bb2 Ng5 19. g4 Ne6 20. Nc2 Qd6+ 21. Kh1 Nf4 22. e4 Nxh3 23. Qf3 Nf4 24. Ne3 Ne6 25. Nc4 Qf4 26. Qxf4 Nxf4 27. Na5 Rab8 28. Rad1 Rfc8 29. Bc1 g5 30. Bxf4 gxf4 31. Kg2 b6 32. Nc4 Rd8 33. d5 cxd5 34. exd5 Rd7 35. Kf3 Rbd8 36. Ke4 e6 37. d6 Bf8 38. Rd3 Bxd6 39. Rfd1 f5+ 40. Kf3 fxg4+ 41. Kxg4 b5 42. Nxd6 Kf8 43. Kxf4 Rc7 44. Ke5 Ke7 45. Nf5+ exf5 46. Rxd8 Rc5+ 47. R8d5 Rc2 48. R1d2 Kf8 49. Rxc2 Kg7 50. Rc6 1-0

[Event "Titled Tuesday intern op 23rd Mar"]
[Site "Chess.com INT"]
[Date "2021.03.23"]
[Round "11"]
[White "Shalkhatsky, Vladimir"]
[Black "Blanco Gramajo, Cesar Augusto"]
[Result "1-0"]
[WhiteElo "2257"]
[BlackElo "2065"]
[PlyCount "97"]
[EventDate "2021.03.23"]
[EventType "swiss (blitz)"]
[EventRounds "11"]
[EventCountry "USA"]
[SourceTitle "CBM 201 Extra"]
[Source "ChessBase"]
[SourceDate "2021.05.31"]
[SourceVersion "1"]
[SourceVersionDate "2021.05.31"]
[SourceQuality "1"]

1. d4 Nf6 2. Nf3 g6 3. c4 Bg7 4. Nc3 0-0 5. e4 d6 6. Be2 e5 7. dxe5 dxe5 8. Qxd8 Rxd8 9. Bg5 Re8 10. Nd5 Nxd5 11. cxd5 c6 12. Bc4 h6 13. Be3 cxd5 14. Bxd5 Nc6 15. 0-0-0 Bg4 16. Kb1 Rac8 17. Bxc6 Rxc6 18. Bxa7 Ra8 19. Be3 Be6 20. a3 b5 21. Rc1 Bc4 22. Nd2 Bd3+ 23. Ka2 Rac8 24. Rxc6 Rxc6 25. f3 Bf8 26. Nb1 b4 27. axb4 Bxb4 28. Rc1 Rxc1 29. Bxc1 Bc4+ 30. b3 Bf1 31. g3 Bg2 32. f4 exf4 33. Bxf4 Bxe4 34. Bxh6 f5 35. Nd2 Bxd2 36. Bxd2 Kf7 37. Kb2 Ke6 38. Kc3 Kd5 39. Bf4 Kc5 40. h4 Bf3 41. b4+ Kb5 42. Bd2 Be4 43. Kd4 Bc2 44. Ke5 Be4 45. Kf6 Bc2 46. Bf4 Kxb4 47. Kxg6 Kc5 48. h5 Bb3 49. Kg7 1-0

[Event "Titled Tuesday intern op 23rd Mar"]
[Site "Chess.com INT"]
[Date "2021.03.23"]
[Round "3"]
[White "Shalkhatsky, Vladimir"]
[Black "Goryachkina, Aleksandra"]
[Result "1/2-1/2"]
[WhiteElo "2257"]
[BlackElo "2593"]
[PlyCount "53"]
[EventDate "2021.03.23"]
[EventType "swiss (blitz)"]
[EventRounds "11"]
[EventCountry "USA"]
[SourceTitle "CBM 201 Extra"]
[Source "ChessBase"]
[SourceDate "2021.05.31"]
[SourceVersion "1"]
[SourceVersionDate "2021.05.31"]
[SourceQuality "1"]

1. d4 Nf6 2. Nf3 d5 3. g3 Bf5 4. Bg2 e6 5. 0-0 h6 6. c4 c6 7. Nc3 Nbd7 8. Nd2 Be7 9. e4 dxe4 10. Ndxe4 Nxe4 11. Nxe4 0-0 12. Be3 Re8 13. Nc3 Bf6 14. Qb3 Qc7 15. Rfd1 Rad8 16. Rac1 Qb8 17. d5 cxd5 18. cxd5 Ne5 19. dxe6 Bxe6 20. Qxb7 Qxb7 21. Bxb7 Nd3 22. Rb1 Nxb2 23. Rxd8 Rxd8 24. Rxb2 Bxc3 25. Rc2 Bh3 26. Bf3 Ba5 27. Bxa7 1/2-1/2

[Event "Titled Tuesday intern op 08th Sept"]
[Site "Chess.com INT"]
[Date "2020.09.08"]
[Round "4"]
[White "Kalogeris, Ioannis"]
[Black "Shalkhatsky, Vladimir"]
[Result "1/2-1/2"]
[WhiteElo "2306"]
[BlackElo "2257"]
[PlyCount "111"]
[EventDate "2020.09.08"]
[EventType "swiss (blitz)"]
[EventRounds "10"]
[EventCountry "USA"]
[SourceTitle "CBM 198 Extra"]
[Source "ChessBase"]
[SourceDate "2020.11.30"]
[SourceVersion "1"]
[SourceVersionDate "2020.11.30"]
[SourceQuality "1"]

1. e4 c5 2. Nf3 a6 3. d4 cxd4 4. Nxd4 Nf6 5. Nc3 e5 6. Nf3 Bb4 7. Nxe5 Qe7 8. Qd4 Bc5 9. Qc4 Qxe5 10. b4 Bxf2+ 11. Kxf2 Qxc3 12. Qxc3 Nxe4+ 13. Kf3 Nxc3 14. Bb2 Nd5 15. Bxg7 Rg8 16. Be5 d6 17. Bxd6 Be6 18. c4 Nf6 19. h3 Nbd7 20. Bd3 0-0-0 21. Rhd1 Rg5 22. Rac1 Ne5+ 23. Bxe5 Rxe5 24. g4 Kc7 25. Kf4 Rxd3 26. Rxd3 Re4+ 27. Kf3 Rxc4 28. Rxc4+ Bxc4 29. Rc3 b5 30. a3 Nd5 31. Rc1 Kd6 32. Ke4 Nf6+ 33. Kf5 Nd5 34. Kg5 Ke5 35. Kh6 Bd3 36. Rc6 Kd4 37. Rxa6 Kc3 38. h4 Kb3 39. g5 Nf4 40. Kg7 Bg6 41. Kh6 Nh5 42. Ra5 Kc4 43. a4 bxa4 44. Rxa4 Kb5 45. Ra7 Kxb4 46. Ra8 Nf4 47. Rd8 Kc5 48. Rd7 Nh5 49. Rd8 Kc6 50. Rd4 Kc5 51. Rd2 Kc6 52. Rd1 Nf4 53. Rd2 Nh5 54. Rd1 Ng3 55. Kg7 Nh5+ 56. Kh6 1/2-1/2

[Event "Titled Tuesday intern op 08th Sept"]
[Site "Chess.com INT"]
[Date "2020.09.08"]
[Round "9"]
[White "Shalkhatsky, Vladimir"]
[Black "Rodriguez, Santiago"]
[Result "0-1"]
[WhiteElo "2257"]
[BlackElo "2252"]
[PlyCount "136"]
[EventDate "2020.09.08"]
[EventType "swiss (blitz)"]
[EventRounds "10"]
[EventCountry "USA"]
[SourceTitle "CBM 198 Extra"]
[Source "ChessBase"]
[SourceDate "2020.11.30"]
[SourceVersion "1"]
[SourceVersionDate "2020.11.30"]
[SourceQuality "1"]

1. d4 Nf6 2. Nf3 e6 3. c4 b6 4. g3 Ba6 5. Qa4 c6 6. Bg2 b5 7. cxb5 cxb5 8. Qb3 Nc6 9. 0-0 Qb6 10. e3 Rc8 11. Rd1 Be7 12. Nc3 d5 13. Ne5 Nxe5 14. dxe5 Nd7 15. e4 dxe4 16. Nxe4 Nxe5 17. Be3 Qb8 18. a4 b4 19. Bf4 0-0 20. Qe3 Nc4 21. Bxb8 Nxe3 22. fxe3 Rxb8 23. Rd7 Bd8 24. Rxa7 Bd3 25. Rd7 Bxe4 26. Bxe4 Bb6 27. Kf2 Rfd8 28. Rxd8+ Rxd8 29. Ke2 f5 30. Bd3 Kf7 31. a5 Ba7 32. Rc1 Rd7 33. a6 Kf6 34. Bb5 Re7 35. Rc4 g5 36. Rxb4 h5 37. Rc4 g4 38. Bc6 Rc7 39. b4 h4 40. b5 hxg3 41. hxg3 Rh7 42. Rb4 Rh2+ 43. Kd3 Bb6 44. Ra4 Ba7 45. Rb4 Bb6 46. Rc4 Rh3 47. Ra4 Ba7 48. Rb4 Bb6 49. Ra4 Rxg3 50. a7 Rxe3+ 51. Kd2 Bxa7 52. Rxa7 Rb3 53. Kc2 Rb4 54. Kc3 Rb1 55. Kc2 Rb4 56. Kc3 Rb1 57. Kc4 f4 58. Kc5 f3 59. b6 f2 60. Bg2 e5 61. Kc6 e4 62. Ra2 e3 63. Re2 Rc1+ 64. Kd7 Re1 65. Bf1 Rxf1 66. b7 Rb1 67. Rxe3 f1Q 68. Kc8 Qf5+ 0-1

[Event "Titled Tuesday intern op 7th July"]
[Site "Chess.com INT"]
[Date "2020.07.07"]
[Round "3"]
[White "Johnson, Joel F"]
[Black "Shalkhatsky, Vladimir"]
[Result "1-0"]
[WhiteElo "2223"]
[BlackElo "2257"]
[PlyCount "37"]
[EventDate "2020.07.07"]
[EventType "swiss (blitz)"]
[EventRounds "10"]
[EventCountry "USA"]
[SourceTitle "CBM 197 Extra"]
[Source "ChessBase"]
[SourceDate "2020.09.30"]
[SourceVersion "1"]
[SourceVersionDate "2020.09.30"]
[SourceQuality "1"]

1. e4 c5 2. Nc3 a6 3. a4 Nc6 4. f4 d6 5. Nf3 e6 6. Bc4 Nf6 7. d3 Be7 8. 0-0 0-0 9. Bb3 Rb8 10. Qe1 b5 11. axb5 axb5 12. e5 dxe5 13. fxe5 Nd7 14. Qg3 Kh8 15. Ne4 Nb6 16. c3 Qxd3 17. Neg5 Qg6 18. Nh4 Qh5 19. Bd1 1-0

[Event "Titled Tuesday intern op 7th July"]
[Site "Chess.com INT"]
[Date "2020.07.07"]
[Round "1"]
[White "Shalkhatsky, Vladimir"]
[Black "Dourerassou, Jonathan"]
[Result "0-1"]
[WhiteElo "2257"]
[BlackElo "2477"]
[PlyCount "56"]
[EventDate "2020.07.07"]
[EventType "swiss (blitz)"]
[EventRounds "10"]
[EventCountry "USA"]
[SourceTitle "CBM 197 Extra"]
[Source "ChessBase"]
[SourceDate "2020.09.30"]
[SourceVersion "1"]
[SourceVersionDate "2020.09.30"]
[SourceQuality "1"]

1. d4 d5 2. Nf3 Nf6 3. g3 g6 4. Bg2 Bg7 5. 0-0 0-0 6. Ne5 Nbd7 7. c4 dxc4 8. Nxc4 Nb6 9. Ne5 c6 10. Nc3 Nfd5 11. Nf3 Nxc3 12. bxc3 Nd5 13. Bb2 Nb6 14. Qd3 Be6 15. Nd2 Bd5 16. e4 Be6 17. Rfd1 Na4 18. Ba3 Qc7 19. Rac1 Rfd8 20. Qc2 Nb6 21. Bb4 Nc4 22. Nxc4 Bxc4 23. a4 e5 24. Qb2 Qb6 25. Ba3 Bb3 26. Rd2 Bxa4 27. Qxb6 axb6 28. Be7 Rd7 0-1

[Event "Titled Tuesday intern op 16th June"]
[Site "Chess.com INT"]
[Date "2020.06.16"]
[Round "8"]
[White "Shalkhatsky, Vladimir"]
[Black "Arvind, C Jayaraman"]
[Result "1-0"]
[WhiteElo "2257"]
[BlackElo "2123"]
[PlyCount "137"]
[EventDate "2020.06.16"]
[EventType "swiss (blitz)"]
[EventRounds "10"]
[EventCountry "USA"]
[SourceTitle "EXT 2021"]
[Source "ChessBase"]
[SourceDate "2020.10.23"]
[SourceVersion "1"]
[SourceVersionDate "2020.10.23"]
[SourceQuality "1"]

1. d4 Nf6 2. Nf3 d5 3. g3 c5 4. Bg2 cxd4 5. 0-0 e6 6. Nxd4 e5 7. Nf3 Nc6 8. c4 d4 9. e3 Be7 10. exd4 exd4 11. Nbd2 0-0 12. Nb3 d3 13. Be3 Bf5 14. Nfd4 Nxd4 15. Nxd4 Bg6 16. Bxb7 Rb8 17. Bf3 Rxb2 18. Nc6 Qc7 19. Bxa7 Ne4 20. Bd4 Rc2 21. Nxe7+ Qxe7 22. Re1 Rd8 23. Qxd3 Ng5 24. Qe3 Qxe3 25. Rxe3 Nxf3+ 26. Rxf3 Rxd4 27. a4 Rdxc4 28. Rfa3 Rc1+ 29. Rxc1 Rxc1+ 30. Kg2 Be4+ 31. f3 Rc2+ 32. Kh3 Bd5 33. a5 Rc8 34. a6 Ra8 35. a7 g6 36. Kg4 Kg7 37. Kf4 h5 38. Ke5 Bb7 39. Kd6 Kf6 40. Kc7 Bd5 41. Kd6 Bb7 42. Kc7 Bd5 43. Kd6 Be6 44. Ra6 Kf5 45. Ra5+ Kf6 46. Kc7 g5 47. Kb7 Rxa7+ 48. Kxa7 h4 49. Kb6 hxg3 50. hxg3 Kg6 51. Kc7 Bc4 52. Kd6 Be6 53. Ke5 Bb3 54. Ra3 Bd1 55. Rd3 Be2 56. Re3 Bd1 57. Kd6 Bc2 58. Ke7 Bb1 59. Rb3 Ba2 60. Rb6+ Kg7 61. Rf6 Bb3 62. Rb6 Bc4 63. Rb4 Bd5 64. Rb5 Bxf3 65. Rxg5+ Kh7 66. Rf5 Be4 67. Rxf7+ Kg6 68. Rf4 Bd5 69. Kd6 1-0

[Event "Titled Tuesday intern op 6th June"]
[Site "Chess.com INT"]
[Date "2020.06.02"]
[Round "2"]
[White "Sidorika, Vladislav"]
[Black "Shalkhatsky, Vladimir"]
[Result "1-0"]
[WhiteElo "2355"]
[BlackElo "2257"]
[PlyCount "117"]
[EventDate "2020.06.02"]
[EventType "swiss (blitz)"]
[EventRounds "10"]
[EventCountry "USA"]
[SourceTitle "CBM 196 Extra"]
[Source "ChessBase"]
[SourceDate "2020.07.31"]
[SourceVersion "1"]
[SourceVersionDate "2020.07.31"]
[SourceQuality "1"]

1. c4 e6 2. g3 d5 3. Bg2 c6 4. Nf3 Be7 5. 0-0 Nf6 6. b3 Ne4 7. Bb2 Bf6 8. d4 Be7 9. Nfd2 Nxd2 10. Nxd2 f5 11. f3 0-0 12. Qc2 Nd7 13. e4 Nf6 14. Rae1 Bd7 15. Kh1 Bb4 16. e5 Ne8 17. Bc3 Bxc3 18. Qxc3 Qe7 19. c5 Nc7 20. f4 Rfb8 21. b4 a5 22. a3 b6 23. Nf3 Nb5 24. Qb2 axb4 25. axb4 bxc5 26. bxc5 Na3 27. Qc3 Nc4 28. Ra1 Qd8 29. Rfb1 h6 30. Bf1 Rxb1 31. Rxb1 Ra3 32. Rb3 Rxb3 33. Qxb3 Na5 34. Qa4 Qc7 35. Nd2 Kf7 36. Kg2 g6 37. h3 Bc8 38. g4 Ke7 39. Be2 Kd7 40. g5 h5 41. Nf3 Ke7 42. Nh4 Kf7 43. Nf3 Kg7 44. Nd2 Bb7 45. Kf2 Bc8 46. Ke3 Bb7 47. Nb1 Bc8 48. Nc3 Bb7 49. Qa2 Bc8 50. Na4 Qa7 51. Nb6 Bb7 52. Qa4 Kf7 53. Kf3 Ke7 54. Ke3 Kf7 55. Bd1 Kg7 56. Bc2 Kf7 57. Kd2 Kg7 58. Kc3 Qa6 59. Bd3 1-0